[Event "Kvalifikacije za Sampionat 2015"]
[Site "Kragujevac"]
[Date "2015.03.14"]
[Round "8.1"]
[White "Pavlovic, Milos"]
[Black "Ratkovic, Milovan"]
[Result "1-0"]
[WhiteElo "2482"]
[BlackElo "2364"]
[PlyCount "81"]
[EventDate "2015.03.09"]

1. Nf3 d5 2. e3 Nf6 3. c4 c6 4. Qc2 e6 5. b3 Nbd7 6. Bb2 Bd6 7. d4 Ne4 8. Bd3
f5 9. O-O O-O 10. Ba3 Bxa3 11. Nxa3 Qe7 12. Qb2 a5 13. Rac1 Rf6 14. Ne1 Rh6 15.
g3 Ndf6 16. f3 Nd6 17. Be2 Nh5 18. Nd3 Bd7 19. Rf2 Nf7 20. Nc2 g5 21. Qa3 Qe8
22. Nce1 Nf6 23. Ne5 g4 24. Nxf7 Qxf7 25. fxg4 Ne4 26. Rf4 Qg7 27. Nf3 Rh3 28.
Bf1 fxg4 29. Ne5 h5 30. Bxh3 gxh3 31. g4 Kh8 32. Rcf1 Rg8 33. Rf8 Be8 34. R1f4
Nc3 35. Kf1 Ne4 36. Rxg8+ Kxg8 37. Qxa5 Qh7 38. Qd8 Ng3+ 39. Kf2 Qc2+ 40. Kxg3
h4+ 41. Kxh3 1-0

[Event "Kvalifikacije za Sampionat 2015"]
[Site "Kragujevac"]
[Date "2015.03.14"]
[Round "8.2"]
[White "Zajic, Milan"]
[Black "Tosic, Miroslav"]
[Result "1/2-1/2"]
[WhiteElo "2475"]
[BlackElo "2413"]
[PlyCount "103"]
[EventDate "2015.03.09"]

1. e4 e5 2. Nf3 Nc6 3. Bb5 a6 4. Ba4 Nf6 5. d3 d6 6. c3 g6 7. O-O Bg7 8. Nbd2
O-O 9. Re1 b5 10. Bc2 Nh5 11. Nf1 h6 12. Ne3 Ne7 13. d4 c5 14. a4 cxd4 15. cxd4
Be6 16. axb5 axb5 17. Rxa8 Qxa8 18. d5 Bd7 19. Bd2 Rb8 20. Bb4 Nc8 21. Nd2 Nf6
22. Nb3 Ne8 23. Qd2 Rb6 24. Bd3 Ra6 25. Qe2 Ra4 26. Qd2 Bf6 27. Na5 Bd8 28. Nc6
Bxc6 29. dxc6 Qxc6 30. Nd5 Bg5 31. Qe2 Nc7 32. b3 Ra8 33. g3 Nxd5 34. exd5 Qxd5
35. Be4 Qxb3 36. Qxb5 Ra7 37. h4 Be7 38. Rc1 Kg7 39. Rxc8 Qd1+ 40. Kh2 Ra2 41.
Qe8 Rxf2+ 42. Bg2 Rxg2+ 43. Kxg2 Qe2+ 44. Kg1 Qe3+ 45. Kf1 Qf3+ 46. Ke1 Qe4+
47. Kf2 Qd4+ 48. Ke2 Qe4+ 49. Kd1 Qb1+ 50. Ke2 Qe4+ 51. Kf2 Qd4+ 52. Kf1
1/2-1/2

[Event "Kvalifikacije za Sampionat 2015"]
[Site "Kragujevac"]
[Date "2015.03.14"]
[Round "8.3"]
[White "Abramovic, Bosko"]
[Black "Tadic, Branko"]
[Result "1/2-1/2"]
[WhiteElo "2462"]
[BlackElo "2496"]
[PlyCount "27"]
[EventDate "2015.03.09"]

1. e4 c5 2. Nf3 d6 3. Bb5+ Nc6 4. O-O Bd7 5. Re1 Nf6 6. c3 a6 7. Bf1 Bg4 8. h3
Bxf3 9. Qxf3 g6 10. Qd1 Bh6 11. Na3 O-O 12. Nc2 Rc8 13. d3 Bxc1 14. Rxc1
1/2-1/2

[Event "Kvalifikacije za Sampionat 2015"]
[Site "Kragujevac"]
[Date "2015.03.14"]
[Round "8.4"]
[White "Radovanovic, Nikola"]
[Black "Markovic, Miroslav"]
[Result "1/2-1/2"]
[WhiteElo "2399"]
[BlackElo "2481"]
[PlyCount "98"]
[EventDate "2015.03.09"]

1. e4 e5 2. Nf3 Nc6 3. Bb5 Bb4 4. c3 Ba5 5. O-O Nge7 6. Na3 d6 7. Nc4 Bb6 8. a4
a6 9. Nxb6 cxb6 10. Bc4 O-O 11. Re1 Bg4 12. h3 Bh5 13. d3 Kh8 14. g4 Bg6 15. b4
d5 16. exd5 Nxd5 17. Qb3 Nc7 18. Nxe5 Nxe5 19. Rxe5 b5 20. axb5 axb5 21. Rxa8
Qxa8 22. Bxb5 f6 23. Rc5 Nxb5 24. Rxb5 Bxd3 25. Ra5 Qe8 26. Be3 b5 27. Ra7 Qe4
28. Rd7 Bc4 29. Qd1 h6 30. Bc5 Re8 31. Rd8 Rxd8 32. Qxd8+ Kh7 33. Qd1 Be2 34.
Qd7 h5 35. Qf5+ Qxf5 36. gxf5 h4 37. Kh2 Bd3 38. Be3 Bxf5 39. Bd4 Bd3 40. Kg2
Kg6 41. Be3 Kf5 42. Bc5 Be4+ 43. Kh2 Kf4 44. Bf8 g6 45. Be7 Ke5 46. Bd8 Ke6 47.
Kg1 Bd3 48. Kg2 g5 49. Kg1 Ke5 1/2-1/2

[Event "Kvalifikacije za Sampionat 2015"]
[Site "Kragujevac"]
[Date "2015.03.14"]
[Round "8.5"]
[White "Milanovic, Danilo"]
[Black "Antic, Dejan"]
[Result "1/2-1/2"]
[WhiteElo "2471"]
[BlackElo "2457"]
[PlyCount "105"]
[EventDate "2015.03.09"]

1. d4 e6 2. c4 Bb4+ 3. Nd2 Nf6 4. Ngf3 O-O 5. a3 Be7 6. e4 d6 7. Be2 Nbd7 8. b3
e5 9. Bb2 exd4 10. Nxd4 Re8 11. O-O Bf8 12. Qc2 g6 13. Rfe1 c6 14. Rad1 Bg7 15.
Bf1 a5 16. Bc3 Qb6 17. h3 Nc5 18. N4f3 Bd7 19. Qb2 Nh5 20. Bxg7 Nxg7 21. Qc3
Be6 22. Qd4 Rad8 23. Rb1 Qc7 24. b4 axb4 25. axb4 Nd7 26. Qc3 c5 27. bxc5 Nxc5
28. Nb3 Bd7 29. Nfd2 Bc6 30. f3 Qe7 31. Nd4 Nge6 32. Qe3 Nxd4 33. Qxd4 Qe5 34.
Qf2 Ra8 35. Nb3 Nxb3 36. Rxb3 Qc5 37. Rbe3 Ra6 38. Kh2 Ra3 39. Qd2 Rxe3 40.
Qxe3 Qxe3 41. Rxe3 f5 42. Bd3 Kf7 43. Kg3 Kf6 44. Re2 fxe4 45. Bxe4 Bxe4 46.
fxe4 Rc8 47. Rb2 Rxc4 48. Rxb7 Rxe4 49. Rxh7 d5 50. Rd7 Ke6 51. Rg7 Kf6 52. Rd7
Ke6 53. Rg7 1/2-1/2

[Event "Kvalifikacije za Sampionat 2015"]
[Site "Kragujevac"]
[Date "2015.03.14"]
[Round "8.6"]
[White "Ristic, Nenad"]
[Black "Sorgic, Dragan"]
[Result "1-0"]
[WhiteElo "2437"]
[BlackElo "2220"]
[PlyCount "41"]
[EventDate "2015.03.09"]

1. e4 d6 2. d4 Nf6 3. Nc3 g6 4. Be3 c6 5. Nf3 Bg7 6. Qd2 O-O 7. Bh6 Nbd7 8.
O-O-O Qa5 9. Kb1 e5 10. dxe5 dxe5 11. h4 b5 12. Bxg7 Kxg7 13. h5 Ng4 14. hxg6
fxg6 15. Ng5 Ndf6 16. f3 h6 17. fxg4 hxg5 18. Qxg5 Bxg4 19. Rh6 Rf7 20. Rxg6+
Kf8 21. Rd6 1-0

[Event "Kvalifikacije za Sampionat 2015"]
[Site "Kragujevac"]
[Date "2015.03.14"]
[Round "8.7"]
[White "Rabrenovic, Vladan"]
[Black "Zlatanovic, Boroljub"]
[Result "1/2-1/2"]
[WhiteElo "2373"]
[BlackElo "2382"]
[PlyCount "123"]
[EventDate "2015.03.09"]

1. d4 g6 2. c4 Bg7 3. Nf3 d6 4. Nc3 e5 5. dxe5 dxe5 6. Qxd8+ Kxd8 7. g3 Be6 8.
Ng5 Bxc4 9. b3 h6 10. bxc4 hxg5 11. Bxg5+ Kc8 12. Bg2 f6 13. Rb1 c6 14. Bd2 f5
15. e4 Nd7 16. h4 Kc7 17. exf5 gxf5 18. Bh3 Rf8 19. O-O Bh6 20. Rfd1 Nc5 21.
Be1 Ne7 22. Ne2 Ne6 23. Bc3 Bg7 24. f4 Ng6 25. fxe5 Nxe5 26. Bxe5+ Bxe5 27. Rb3
Nc5 28. Rf3 f4 29. Rdf1 Rfg8 30. Nxf4 Rxh4 31. Ne6+ Nxe6 32. Bxe6 Rxg3+ 33.
Rxg3 Bxg3 34. c5 Bf4 35. Kg2 a5 36. Kf3 Be5 37. Ke2 Bd4 38. Rf5 Bxc5 39. Rxc5
Kd6 40. Rxa5 Kxe6 41. Kd3 b5 42. Kc3 Kd5 43. Ra8 Kc5 44. Rg8 b4+ 45. Kb3 Rh3+
46. Kb2 Kc4 47. Rg4+ Kb5 48. Rg5+ c5 49. Rf5 Re3 50. Rh5 Kc4 51. Rg5 Kd4 52.
Rg4+ Re4 53. Rg8 Re2+ 54. Kb3 Re3+ 55. Kb2 c4 56. Rd8+ Ke4 57. Re8+ Kd3 58.
Rd8+ Ke2 59. Rd4 Rc3 60. a3 Rb3+ 61. Kc2 Rc3+ 62. Kb2 1/2-1/2

[Event "Kvalifikacije za Sampionat 2015"]
[Site "Kragujevac"]
[Date "2015.03.14"]
[Round "8.8"]
[White "Rajkovic, Mladen"]
[Black "Kovacevic, Aleksandar"]
[Result "1/2-1/2"]
[WhiteElo "2266"]
[BlackElo "2517"]
[PlyCount "90"]
[EventDate "2015.03.09"]

1. e4 c5 2. Nf3 d6 3. Bb5+ Nd7 4. d4 cxd4 5. Qxd4 a6 6. Bxd7+ Bxd7 7. c4 Rc8 8.
O-O e5 9. Qd3 Qc7 10. b3 b5 11. Nfd2 Nf6 12. Nc3 Qb7 13. Bb2 Be7 14. Nd5 Nxd5
15. cxd5 O-O 16. Rac1 Rxc1 17. Bxc1 Rc8 18. Bb2 Bd8 19. Rc1 Bb6 20. Rxc8+ Qxc8
21. Qc3 Qd8 22. Qc2 Qf8 23. Nf3 h6 24. Ba3 Qb8 25. h3 a5 26. Bc1 Qa7 27. a3 Bc5
28. Kf1 f6 29. Ne1 Qa6 30. Kg1 Qa8 31. Nd3 Bb6 32. Be3 Bxe3 33. fxe3 Qa7 34.
Qc1 Kf8 35. g4 h5 36. Nf2 hxg4 37. hxg4 Ke7 38. Kg2 Qc5 39. Qxc5 dxc5 40. Kf3
b4 41. axb4 cxb4 42. Nd3 Kd6 43. Nb2 Kc5 44. Nd3+ Kd6 45. Nb2 Kc5 1/2-1/2

[Event "Kvalifikacije za Sampionat 2015"]
[Site "Kragujevac"]
[Date "2015.03.14"]
[Round "8.9"]
[White "Novoselski, Zoran"]
[Black "Jovanovic, Bojan P"]
[Result "0-1"]
[WhiteElo "2365"]
[BlackElo "2261"]
[PlyCount "88"]
[EventDate "2015.03.09"]

1. c4 f5 2. g3 Nf6 3. Bg2 g6 4. Nc3 Bg7 5. d3 d6 6. Bd2 O-O 7. Qc1 Nc6 8. Rb1
a5 9. a3 Nd4 10. b3 c6 11. Nf3 Ng4 12. O-O Nxf3+ 13. exf3 Ne5 14. d4 Nf7 15. d5
e5 16. dxe6 Bxe6 17. f4 d5 18. Re1 Re8 19. c5 Nh6 20. Na4 Ng4 21. Nb6 Ra7 22.
Bc3 Nf6 23. Qb2 Kf7 24. Rbd1 Bf8 25. Bd4 Nd7 26. Na4 Be7 27. Bf1 Bf6 28. Qc3
Bxd4 29. Rxd4 Qf6 30. Nb2 Kg7 31. Rc1 Bf7 32. f3 Raa8 33. Kf2 Rec8 34. Na4 Re8
35. Qd2 Re6 36. Rd3 Qe7 37. h4 h5 38. Re1 Nxc5 39. Qc3+ Kg8 40. Nxc5 Rxe1 41.
Rd2 Re8 42. Nd3 Qe3+ 43. Kg2 Rxf1 44. Kxf1 Qxf3+ 0-1

[Event "Kvalifikacije za Sampionat 2015"]
[Site "Kragujevac"]
[Date "2015.03.14"]
[Round "8.10"]
[White "Stankovic, Ivan G"]
[Black "Cvetkovic, Srdjan"]
[Result "0-1"]
[WhiteElo "2243"]
[BlackElo "2296"]
[PlyCount "94"]
[EventDate "2015.03.09"]

1. Nf3 Nf6 2. d4 d5 3. e3 Bf5 4. Bd3 Bxd3 5. Qxd3 e6 6. O-O Nbd7 7. c4 Be7 8.
Nc3 O-O 9. e4 dxe4 10. Nxe4 c5 11. Be3 Qc7 12. Nxc5 Nxc5 13. dxc5 Rfd8 14. Qe2
Bxc5 15. Bxc5 Qxc5 16. Rfd1 h6 17. h3 a5 18. b3 b6 19. Rd3 Rxd3 20. Qxd3 e5 21.
Nd2 Qc7 22. Ne4 Nxe4 23. Qxe4 Rd8 24. Qe2 Qd6 25. Re1 f6 26. Rc1 Qd2 27. Re1
Qxe2 28. Rxe2 Rd1+ 29. Kh2 Kf7 30. Rc2 Ke6 31. c5 bxc5 32. Rxc5 Rd5 33. Rc2 e4
34. Kg3 Ke5 35. Rc4 f5 36. f4+ Kd6 37. Rc2 g5 38. fxg5 hxg5 39. Kf2 f4 40. Ke2
Rc5 41. Rb2 Ke5 42. a3 Rc3 43. b4 a4 44. b5 Rb3 45. Rc2 Kd4 46. Rd2+ Ke5 47.
Rd8 Rxb5 0-1

[Event "Kvalifikacije za Sampionat 2015"]
[Site "Kragujevac"]
[Date "2015.03.14"]
[Round "8.11"]
[White "Ilic, Zoran S"]
[Black "Stojanovic, Zlatko"]
[Result "1-0"]
[WhiteElo "2295"]
[BlackElo "2218"]
[PlyCount "73"]
[EventDate "2015.03.09"]

1. d4 Nf6 2. c4 c5 3. d5 e6 4. Nc3 exd5 5. cxd5 d6 6. Nf3 g6 7. g3 Bg7 8. Bg2
O-O 9. O-O a6 10. a4 Re8 11. Bf4 Qc7 12. Rc1 Nbd7 13. b4 Nh5 14. Bd2 Qd8 15.
Rb1 cxb4 16. Rxb4 Nc5 17. Re1 Bd7 18. Qb1 b5 19. axb5 axb5 20. g4 Nf6 21. h3
Na4 22. Nd4 Nxc3 23. Bxc3 h5 24. Nc6 Bxc6 25. dxc6 hxg4 26. hxg4 Ra4 27. Rxa4
bxa4 28. Qa1 Re6 29. Qxa4 Ne8 30. Ba5 Qe7 31. e3 Re5 32. Bb6 Rg5 33. Rc1 Qe6
34. Bf3 f5 35. Qc4 Qxc4 36. Rxc4 Kf8 37. Bd8 1-0

[Event "Kvalifikacije za Sampionat 2015"]
[Site "Kragujevac"]
[Date "2015.03.14"]
[Round "8.12"]
[White "Petrovic, Dragan R"]
[Black "Stojanovic, Andjelija"]
[Result "0-1"]
[WhiteElo "2180"]
[BlackElo "2284"]
[PlyCount "84"]
[EventDate "2015.03.09"]

1. e4 g6 2. d4 Bg7 3. Nc3 d5 4. Nf3 Nf6 5. e5 Ne4 6. Bd3 Nxc3 7. bxc3 c5 8. h3
c4 9. Be2 O-O 10. O-O Nc6 11. Bg5 f6 12. exf6 exf6 13. Bf4 g5 14. Bh2 Bf5 15.
Rb1 Rf7 16. Qd2 a6 17. Rb2 Rd7 18. Rfb1 Qe7 19. Rb6 Re8 20. Kf1 Na7 21. a4 Nc8
22. R6b4 Qf7 23. Ne1 Bf8 24. R4b2 h5 25. g4 hxg4 26. Bxg4 Bg6 27. Ng2 Qh7 28.
Kg1 Bd6 29. f4 Be4 30. Qe3 Rde7 31. Bf3 Bxc2 32. Bxd5+ Kf8 33. Qc1 Bxb1 34.
Qxb1 Qxb1+ 35. Rxb1 Bxf4 36. Bxf4 gxf4 37. Bxb7 Nd6 38. Bd5 Rg7 39. Rb6 Ne4 40.
Bxe4 Rxe4 41. Kf2 Kf7 42. Rxa6 Rg3 0-1

[Event "Kvalifikacije za Sampionat 2015"]
[Site "Kragujevac"]
[Date "2015.03.14"]
[Round "8.13"]
[White "Jovanovic, Sasa T"]
[Black "Misailovic, Nebojsa"]
[Result "0-1"]
[WhiteElo "2222"]
[BlackElo "2323"]
[PlyCount "52"]
[EventDate "2015.03.09"]

1. d4 Nf6 2. Bg5 c5 3. Bxf6 gxf6 4. d5 Qb6 5. Qc1 f5 6. c4 Bg7 7. Nc3 d6 8. e3
Nd7 9. Nf3 Nf6 10. Nd2 Ne4 11. Ndxe4 fxe4 12. Be2 Bf5 13. g4 Bg6 14. Qc2 h5 15.
gxh5 Bxh5 16. Bxh5 Rxh5 17. Qa4+ Kd8 18. O-O-O Rc8 19. Rdg1 Rh7 20. Qc2 Bxc3
21. bxc3 Rh4 22. f4 exf3 23. Rg8+ Kd7 24. Rxc8 Kxc8 25. Qf5+ Kc7 26. Qg5 Re4
0-1

[Event "Kvalifikacije za Sampionat 2015"]
[Site "Kragujevac"]
[Date "2015.03.14"]
[Round "8.14"]
[White "Zivanovic, Nenad"]
[Black "Zivkovic, Nemanja"]
[Result "0-1"]
[WhiteElo "2136"]
[BlackElo "2310"]
[PlyCount "106"]
[EventDate "2015.03.09"]

1. e4 c5 2. Nf3 d6 3. d4 cxd4 4. Nxd4 Nf6 5. Nc3 a6 6. h3 e5 7. Nb3 Be6 8. g3
Nbd7 9. Bg2 b5 10. a3 Be7 11. O-O O-O 12. f4 Qb6+ 13. Kh2 a5 14. f5 Bc4 15. Re1
b4 16. axb4 axb4 17. Rxa8 Rxa8 18. Nb1 Bb5 19. Be3 Qb7 20. N1d2 Rc8 21. Qb1 h6
22. Rc1 Bd8 23. c4 bxc3 24. Rxc3 Rb8 25. g4 Bb6 26. Qg1 Ra8 27. Bxb6 Nxb6 28.
Qc1 Na4 29. Rc7 Qb8 30. Rc2 Qb6 31. Qg1 Qxg1+ 32. Kxg1 Bd3 33. Rc6 Ne8 34. Nc1
Nxb2 35. Nxd3 Nxd3 36. Nc4 Nf4 37. Bf1 Rd8 38. Kf2 Kf8 39. Ra6 g6 40. Kf3 gxf5
41. gxf5 Nh5 42. Ne3 Nhf6 43. Bc4 Rd7 44. Ra8 Ke7 45. Bb5 Nc7 46. Bxd7 Nxa8 47.
Bc6 Nb6 48. Bb5 d5 49. exd5 Nbxd5 50. Nxd5+ Nxd5 51. Bc4 Nf4 52. h4 Kf6 53. Bb3
Nh5 0-1

[Event "Kvalifikacije za Sampionat 2015"]
[Site "Kragujevac"]
[Date "2015.03.14"]
[Round "8.16"]
[White "Irizanin, Radoje"]
[Black "Ilic, Slobodan S"]
[Result "1-0"]
[WhiteElo "2295"]
[BlackElo "1956"]
[PlyCount "111"]
[EventDate "2015.03.09"]

1. d4 Nf6 2. Nf3 e6 3. Bf4 b6 4. e3 Bb7 5. Nbd2 Be7 6. h3 d6 7. Bd3 Nbd7 8. O-O
O-O 9. Bh2 a6 10. e4 Qc8 11. Re1 h6 12. Qe2 Rd8 13. Rad1 b5 14. c3 Nf8 15. e5
dxe5 16. dxe5 N6d7 17. Bb1 Nc5 18. Nd4 b4 19. cxb4 Rxd4 20. bxc5 Bxc5 21. Ne4
Rxd1 22. Rxd1 Bxe4 23. Bxe4 Rb8 24. Bf4 Qe8 25. Bc1 a5 26. Rd3 Rd8 27. Rg3 Ng6
28. h4 Kh8 29. Bc2 Bd4 30. Qe4 Rd5 31. Bf4 Bxb2 32. Be3 Rxe5 33. Qg4 h5 34. Qe2
Bd4 35. Rg5 Kg8 36. Rxe5 Bxe5 37. Qxh5 Bd6 38. Bxg6 fxg6 39. Qxa5 Qc6 40. Qd2
Qa4 41. g3 Qe4 42. Qc1 Kf7 43. Bf4 e5 44. Be3 Qa4 45. Qb1 Qc4 46. Qb3 Qxb3 47.
axb3 Ke6 48. Kg2 Kd5 49. Kf3 e4+ 50. Kg4 c5 51. Kg5 c4 52. bxc4+ Kxc4 53. Kxg6
Be5 54. g4 Kd3 55. h5 Bc3 56. g5 1-0

[Event "Kvalifikacije za Sampionat 2015"]
[Site "Kragujevac"]
[Date "2015.03.14"]
[Round "8.19"]
[White "Gajic, Aleksa"]
[Black "Milosevic, Rade"]
[Result "1-0"]
[WhiteElo "1795"]
[BlackElo "2095"]
[PlyCount "63"]
[EventDate "2015.03.09"]

1. d4 Nf6 2. c4 e6 3. Nc3 Bb4 4. g3 Nc6 5. Bg2 O-O 6. Nf3 Ne4 7. Qc2 Nxc3 8.
bxc3 Be7 9. O-O d6 10. a4 Na5 11. Qd3 Nb3 12. Rb1 Nxc1 13. Rfxc1 Rb8 14. Rb2 b6
15. Nd2 Ba6 16. Qc2 d5 17. Rcb1 Bxc4 18. Nxc4 dxc4 19. Be4 f5 20. Bc6 a6 21. e3
Qd6 22. Bg2 c5 23. Qe2 cxd4 24. exd4 Rfc8 25. Re1 Kf7 26. Qh5+ Kg8 27. Rbe2 g6
28. Qf3 Bf8 29. Rxe6 Qd7 30. h4 Re8 31. Rxe8 Rxe8 32. Qd5+ 1-0

[Event "Kvalifikacije za Sampionat 2015"]
[Site "Kragujevac"]
[Date "2015.03.14"]
[Round "8.20"]
[White "Pavlasevic, Dragisa"]
[Black "Colovic, Zoran"]
[Result "0-1"]
[WhiteElo "1751"]
[BlackElo "2066"]
[PlyCount "154"]
[EventDate "2015.03.09"]

1. e4 c5 2. Nf3 Nc6 3. d4 cxd4 4. Nxd4 Nf6 5. Nc3 e5 6. Ndb5 d6 7. Nd5 Nxd5 8.
exd5 Ne7 9. c4 Nf5 10. Bd3 Be7 11. O-O a6 12. Nc3 O-O 13. a4 g6 14. a5 Bf6 15.
Be4 Bg7 16. Ne2 Bd7 17. Bd2 Rc8 18. Rc1 Qh4 19. f3 Rfe8 20. b4 Nh6 21. c5 f5
22. c6 bxc6 23. dxc6 Be6 24. Bd3 Ra8 25. Be1 Qe7 26. Bf2 d5 27. Bc5 Qf7 28. Qb3
f4 29. Qa2 Nf5 30. Bxa6 Rxa6 31. b5 d4 32. Qa4 Raa8 33. a6 Ne3 34. a7 Bc4 35.
Rxc4 Qxc4 36. Qxc4+ Nxc4 37. Rc1 Na5 38. b6 d3 39. b7 Nxc6 40. bxa8=Q Rxa8 41.
Nc3 Nxa7 42. Rd1 Rc8 43. Ne4 Nc6 44. Rxd3 Nd4 45. Ra3 Ne6 46. Bd6 Nd4 47. Ra5
Re8 48. Rc5 Nf5 49. Rc7 h6 50. Bc5 Nd4 51. Nd6 Ra8 52. Rc8+ Rxc8 53. Nxc8 Kf7
54. Nd6+ Ke6 55. Ne4 Kd5 56. Kf2 Kc4 57. Kf1 Ne6 58. Be7 Kd3 59. Nd6 Nc7 60.
Ne4 Nd5 61. Nc5+ Kc4 62. Bd6 Ne3+ 63. Kf2 g5 64. Ne6 Bf6 65. Bf8 Nf5 66. g4
fxg3+ 67. hxg3 h5 68. g4 hxg4 69. fxg4 Nd4 70. Bg7 Bxg7 71. Nxg7 Kd3 72. Nf5 e4
73. Ne3 Nf3 74. Nf1 Ne5 75. Nh2 e3+ 76. Ke1 e2 77. Nf1 Nf3+ 0-1

[Event "Kvalifikacije za Sampionat 2015"]
[Site "Kragujevac"]
[Date "2015.03.14"]
[Round "8.22"]
[White "Dodic, Dragan"]
[Black "Bozilov, Dragan"]
[Result "0-1"]
[WhiteElo "2060"]
[BlackElo "1979"]
[PlyCount "66"]
[EventDate "2015.03.09"]

1. d4 c6 2. Nf3 Nf6 3. Bf4 d5 4. c3 g6 5. e3 Bg7 6. h3 Bf5 7. Nh4 Bxb1 8. Rxb1
Nh5 9. Bh2 e5 10. Nf3 e4 11. Nd2 f5 12. g4 fxg4 13. hxg4 Nf6 14. Be2 O-O 15.
Qb3 Qe7 16. c4 g5 17. Bg3 Rf7 18. a3 Qe6 19. Qd1 Nbd7 20. b4 Nf8 21. a4 Ng6 22.
b5 Raf8 23. bxc6 bxc6 24. c5 Ne8 25. Nf1 Nh4 26. Rxh4 gxh4 27. Bxh4 Qh6 28. Bg3
Bf6 29. Rb8 Bh4 30. Kd2 Bxg3 31. Nxg3 Qh2 32. Rc8 Rxf2 33. Nf5 Nc7 0-1

[Event "Kvalifikacije za Sampionat 2015"]
[Site "Kragujevac"]
[Date "2015.03.14"]
[Round "8.23"]
[White "Filipovic, Tomislav S"]
[Black "Ratkovic, Petar"]
[Result "0-1"]
[WhiteElo "1801"]
[BlackElo "1816"]
[PlyCount "100"]
[EventDate "2015.03.09"]

1. c4 c6 2. e3 d5 3. d4 Nf6 4. Nc3 e6 5. Nf3 Nbd7 6. Be2 Bd6 7. O-O O-O 8. b3
Ne4 9. Nxe4 dxe4 10. Nd2 f5 11. f4 c5 12. Bb2 Qc7 13. a3 Nf6 14. Qc1 b6 15. Nb1
h6 16. Nc3 a6 17. Nd1 Bb7 18. Rf2 Rad8 19. h3 Rd7 20. g4 g6 21. Rg2 Kh7 22. Nf2
cxd4 23. Bxd4 Bc5 24. Bxf6 Rxf6 25. Qc3 Rff7 26. b4 Bf8 27. Rd1 Qd8 28. Rxd7
Rxd7 29. Qb3 Rd2 30. Bf1 Bg7 31. a4 Rb2 32. Qa3 Rc2 33. gxf5 exf5 34. c5 Rc3
35. Qa2 Bd5 36. Qe2 Bc4 37. Qe1 Bxf1 38. Kxf1 bxc5 39. bxc5 Rxc5 40. Nd1 Rd5
41. Nf2 Qb6 42. h4 Qa5 43. Qxa5 Rxa5 44. Nd1 Rxa4 45. Rc2 Ra1 46. Ke2 a5 47.
Rc5 a4 48. h5 a3 49. hxg6+ Kxg6 50. Rc6+ Kh5 0-1

[Event "Kvalifikacije za Sampionat 2015"]
[Site "Kragujevac"]
[Date "2015.03.14"]
[Round "8.25"]
[White "Stojanovic, Vladimir M"]
[Black "Trpkovic, Miroljub"]
[Result "0-1"]
[WhiteElo "1911"]
[BlackElo "1940"]
[Annotator ",Micko"]
[PlyCount "41"]
[EventDate "2015.03.09"]

1. d4 d5 2. Nf3 Nf6 3. c4 e6 4. Bg5 Be7 5. Nc3 O-O 6. e3 Re8 7. Qc2 Nc6 8. Rc1
h6 9. Bxf6 Bxf6 10. cxd5 Nb4 11. Qb3 Nxd5 12. Nxd5 exd5 13. h3 c6 14. Bd3 Qa5+
15. Kf1 Qd8 16. g3 Qd6 17. Bb1 g6 18. Kg2 Bg7 19. Bd3 Re7 20. Qc2 Bd7 21. b3 {
...} 0-1

[Event "Kvalifikacije za Sampionat 2015"]
[Site "Kragujevac"]
[Date "2015.03.14"]
[Round "8.26"]
[White "Gagic, Miroljub"]
[Black "Zivkovic, Vladisa"]
[Result "1-0"]
[WhiteElo "1803"]
[BlackElo "1787"]
[PlyCount "65"]
[EventDate "2015.03.09"]

1. Nf3 c5 2. c4 Nc6 3. g3 Nf6 4. d4 cxd4 5. Nxd4 e5 6. Nxc6 bxc6 7. Bg2 Bb4+ 8.
Nc3 O-O 9. O-O Rb8 10. Qc2 Ba6 11. Ne4 h6 12. Rd1 Nxe4 13. Bxe4 Qe7 14. a3 Bc5
15. b4 Bd4 16. Rb1 d5 17. cxd5 cxd5 18. Bxd5 Rfc8 19. Qe4 Kh8 20. Rxd4 f5 21.
Qe3 Qd6 22. Rd1 f4 23. Qe4 fxg3 24. hxg3 Rd8 25. Be3 Bxe2 26. Bc5 Qf6 27. Qxe2
Re8 28. Be4 Rbc8 29. Rd6 Qg5 30. Rg6 Qd8 31. Qh5 Qd7 32. Rd1 Qc7 33. Rxh6+ 1-0